00838nam a2200229 i 450000500170000000800410001702000150005804000350007304100080010808200210011611000450013724500850018225000220026726400650028930000620035433600270041633700330044333800280047665000300050465000440053465000300057820220316235500.0121119s2000 ck ab0 gs s 0pspa d a9583320595 aCO-BoRNBPbspacCO-BoRNBPerda0 aspa04a784.19861 bP17i2 aPatronato Colombiano de Artes y Ciencias10aInstrumentos folclóricos de ColombiacPatronato Colombiano de Artes y Ciencias aPrimera edición 1aBogotá bPatronato Colombiano de Artes y Cienciasc[2000?] a142 páginasbilustraciones, mapasc24 cme1 video, 2 CD atextobtxt2rdacontent asin mediaciónbn2rdamedia avolumenbnc2rdacarrier14aFolclor colombiano 2LEMB14aInstrumentos musicales zColombia2LEMB14aMúsica colombiana2LEMB